000
00253nam a22001217a 4500
008
180308b xxu||||| |||| 00| 0 eng d
041
_a
eng
080
_a
038
100
_a
23
101
_a
FJA
245
_a
The soviet union
_c
Brown,A
942
_2
udc
_c
BK
999
_c
44502
_d
44502